Nákladovosť poľnohospodárskych výrobkov v SR za rok 2022 v triedení podľa výrobných oblastí
Salvato in:
| Natura: | Libro |
|---|---|
| Lingua: | slovacco |
| Pubblicazione: |
Bratislava
Ministerstvo pôdohospodárstva a rozvoja vidieka Slovenskej republiky
2023
|
| Soggetti: | |
| Tags: |
Nessun Tag, puoi essere il primo ad aggiungerne!!
|
MARC
| LEADER | 00000nam a2200000 4500 | ||
|---|---|---|---|
| 001 | 0299337 | ||
| 005 | 20240304081819.1 | ||
| 020 | |a 978-80-89738-38-0 | ||
| 041 | 0 | |a slo | |
| 044 | |a SK | ||
| 245 | 1 | 0 | |a Nákladovosť poľnohospodárskych výrobkov v SR za rok 2022 |b v triedení podľa výrobných oblastí |
| 264 | 1 | |a Bratislava |b Ministerstvo pôdohospodárstva a rozvoja vidieka Slovenskej republiky |c 2023 | |
| 300 | |a 67 s. | ||
| 610 | 2 | 0 | |a výrobky poľnohospodárske |
| 610 | 2 | 0 | |a náklady |
| 610 | 2 | 0 | |a ukazovatele ekonomické |
| 610 | 2 | 0 | |a poľnohospodárstvo |
| 610 | 2 | 0 | |a výroba poľnohospodárska |
| 610 | 2 | 0 | |a podnik poľnohospodársky |